000 00459nam a2200169Ia 4500
999 _c85244
_d85244
003 0100
005 20170406085552.0
008 130307s9999 xx 000 0 und d
040 _cARRUPELIB
050 _aBR65.A91 H3 1937
100 _aSaint Augustine
_929688
245 _aDe Beata Vita Happiness-A Study
260 _aPhiladelphia
260 _bThe Peter Reilly Company
260 _c1937
300 _a75p
650 _aHppiness
_929689
700 _aLatin Text with English Translation and Notes by Francis E. Tourscher
_929690
942 _2lcc
_cMONOGRAPH